ბათუმის შოთა რუსთაველის სახელმწიფო უნივერსიტეტის ბიბლიოთეკა

Деньги, банковское дело и денежно-кредитная политика / (ბიბ.ჩანაწერი № 61215)

000 -LEADER
fixed length control field 00885nam a22001937a 4500
005 - DATE AND TIME OF LATEST TRANSACTION
control field 20240108164805.0
008 - FIXED-LENGTH DATA ELEMENTS--GENERAL INFORMATION
fixed length control field 240108s1993 ru ||||| |||| 00| 0 rus d
041 ## - LANGUAGE CODE
Language code of text/sound track or separate title rus
080 ## - UNIVERSAL DECIMAL CLASSIFICATION NUMBER
Universal Decimal Classification number 333.7(73) Д-64
100 ## - MAIN ENTRY--PERSONAL NAME
Personal name Долан, Э. Д.
9 (RLIN) 20962
245 ## - TITLE STATEMENT
Title Деньги, банковское дело и денежно-кредитная политика /
Statement of responsibility, etc. Э. Д. Долан; Колин Д. Кэмпбелл, Розмари Дж. Кэмпбелл.
264 ## - PRODUCTION, PUBLICATION, DISTRIBUTION, MANUFACTURE, AND COPYRIGHT NOTICE
Place of production, publication, distribution, manufacture Москва :
Name of producer, publisher, distributor, manufacturer Профико,
Date of production, publication, distribution, manufacture, or copyright notice 1993.
300 ## - PHYSICAL DESCRIPTION
Extent 446 с.;
Other physical details 27 см.
653 ## - INDEX TERM--UNCONTROLLED
keyword ფული, საბანკო და მონეტარული პოლიტიკა
653 ## - INDEX TERM--UNCONTROLLED
keyword ეკონომიკა
700 ## - ADDED ENTRY--PERSONAL NAME
Personal name Кэмпбелл, Колин Д.
Relator term ავტორი
9 (RLIN) 20963
700 ## - ADDED ENTRY--PERSONAL NAME
Personal name Кэмпбелл, Розмари Дж.
Relator term ავტორი
9 (RLIN) 20964
942 ## - ADDED ENTRY ELEMENTS (KOHA)
Source of classification or shelving scheme
Koha item type წიგნი
ეგზემპლარები
Withdrawn status Lost status Source of classification or shelving scheme Damaged status Not for loan Permanent Location Current Location Shelving location Date acquired Cost, normal purchase price Full call number Barcode Date last seen Copy number Uniform Resource Identifier Price effective from Koha item type Public note
          ბათუმის შოთა რუსთაველის სახელმწიფო უნივერსიტეტის მთავარი ბიბლიოთეკა ბათუმის შოთა რუსთაველის სახელმწიფო უნივერსიტეტის მთავარი ბიბლიოთეკა წიგნსაცავი 2024-01-08 10.00 333.7(73) Д-64 65644 2024-01-08 65644 ბსუ-ს საპატიო დოქტორის გურამ ლორთქიფანიძის საჩუქარი 2024-01-08 წიგნი 10 ლ.